[Event "Olimpiada Dresden 2008 Femenina"]
[Site "Dresden GER"]
[Date "2008.11.16"]
[Round "4.16"]
[White "Petrenko, Svetlana"]
[Black "Krush, Irina"]
[Result "0-1"]
[WhiteElo "2285"]
[BlackElo "2452"]
[PlyCount "82"]
[EventDate "2008.11.13"]
[EventType "team-tourn"]
[EventRounds "11"]
[EventCountry "GER"]
[Source "lmi"]
[SourceDate "2008.11.13"]
[WhiteTeam "Moldavia"]
[BlackTeam "Estados Unidos"]
[WhiteTeamCountry "MDA"]
[BlackTeamCountry "USA"]

1. e4 c5 2. Nf3 d6 3. d4 cxd4 4. Nxd4 Nf6 5. Nc3 a6 6. a4 Nc6 7. Be2 e5 8. Nf3
h6 9. O-O Be7 10. Re1 O-O 11. h3 Be6 12. Bf1 Nb4 13. Be3 b6 14. g3 Qc7 15. Bd2
Rfd8 16. Bg2 Rac8 17. Qc1 Bf8 18. g4 Re8 19. Qd1 d5 20. exd5 Bxd5 21. Nxd5
Nfxd5 22. Bxb4 Nxb4 23. c3 Rcd8 24. Qe2 Nd3 25. Red1 e4 26. Nd4 Bc5 27. Rd2 Nf4
28. Qxa6 Nxg2 29. Kxg2 e3 30. Re2 exf2 31. Rf1 Bxd4 32. cxd4 Qc6+ 33. Kxf2 Qd6
34. Qd3 Qh2+ 35. Ke1 Rxe2+ 36. Qxe2 Qxh3 37. Qf2 Qb3 38. Qf3 Qb4+ 39. Kf2 Rxd4
40. Kg3 Qd6+ 41. Kg2 Qg6 0-1

[Event "Olimpiada Dresden 2008 Femenina"]
[Site "Dresden GER"]
[Date "2008.11.16"]
[Round "4.16"]
[White "Zatonskih, Anna"]
[Black "Smokina, Karolina"]
[Result "1/2-1/2"]
[WhiteElo "2440"]
[BlackElo "2235"]
[PlyCount "125"]
[EventDate "2008.11.13"]
[EventType "team-tourn"]
[EventRounds "11"]
[EventCountry "GER"]
[Source "lmi"]
[SourceDate "2008.11.13"]
[WhiteTeam "Estados Unidos"]
[BlackTeam "Moldavia"]
[WhiteTeamCountry "USA"]
[BlackTeamCountry "MDA"]

1. e4 c5 2. Nf3 Nc6 3. d3 g6 4. g3 Bg7 5. Bg2 d6 6. O-O Nf6 7. c3 O-O 8. h3 e5
9. Be3 b6 10. Nbd2 Ba6 11. Nc4 Qc7 12. Nh2 Rad8 13. Ng4 Nxe4 14. Qa4 Qc8 15.
dxe4 b5 16. Nxd6 bxa4 17. Nxc8 Bxf1 18. Nxa7 Bxg2 19. Nxc6 Bxh3 20. Nxd8 Rxd8
21. f3 c4 22. Nf2 Be6 23. Rd1 Rxd1+ 24. Nxd1 Kf8 25. Kg2 Ke7 26. Nf2 h5 27.
Bg5+ Kd7 28. Be3 Bf8 29. a3 Be7 30. Kh2 f5 31. Kg2 Kc6 32. Kh2 Bd8 33. Kg2 Be7
34. Kh2 Bd6 35. Kg2 Kd7 36. Kh2 Ke8 37. Kg2 Bd7 38. Kh2 Bc8 39. Kg2 Kf8 40. Kh2
Kg7 41. Kg2 Kf6 42. Bb6 Bb7 43. Bd8+ Ke6 44. Bb6 Bf8 45. Be3 Be7 46. Kh2 Kf6
47. Kg2 Kg7 48. Kh2 Bd6 49. Kg2 Bc8 50. Bb6 Bd7 51. Be3 Kf6 52. Bb6 Bc6 53. Kh2
g5 54. g4 fxg4 55. fxg4 Kg6 56. Kg3 Bd7 57. Be3 Be7 58. Bb6 Bd6 59. Be3 Bf8 60.
Bb6 Bg7 61. Bc5 Be6 62. Bb6 hxg4 63. Be3 1/2-1/2

[Event "Olimpiada Dresden 2008 Femenina"]
[Site "Dresden GER"]
[Date "2008.11.16"]
[Round "4.16"]
[White "Partac, Elena"]
[Black "Goletiani, Rusudan"]
[Result "0-1"]
[WhiteElo "2168"]
[BlackElo "2359"]
[PlyCount "98"]
[EventDate "2008.11.13"]
[EventType "team-tourn"]
[EventRounds "11"]
[EventCountry "GER"]
[Source "lmi"]
[SourceDate "2008.11.13"]
[WhiteTeam "Moldavia"]
[BlackTeam "Estados Unidos"]
[WhiteTeamCountry "MDA"]
[BlackTeamCountry "USA"]

1. e4 c5 2. Nc3 Nc6 3. g3 g6 4. Bg2 Bg7 5. d3 d6 6. Be3 Nf6 7. h3 e5 8. Nge2
O-O 9. O-O b5 10. f4 b4 11. Nb1 exf4 12. e5 dxe5 13. Bxc5 f3 14. Bxf3 e4 15.
dxe4 Bxh3 16. Bxf8 Qxf8 17. Rf2 Ng4 18. Bxg4 Bxg4 19. Qc1 Qc5 20. Kg2 Ne5 21.
Nd2 h5 22. Nf4 Rd8 23. a3 Nc4 24. Nxc4 Qxc4 25. axb4 Qxe4+ 26. Kh2 Rd1 27. Qxd1
Bxd1 28. Rxd1 h4 29. Nd3 Qg4 30. Rg1 Bd4 31. gxh4 Qxh4+ 32. Kg2 Bxf2 33. Nxf2
Qxb4 34. Nd3 Qd2+ 35. Kf3 Qxc2 36. Ke3 Kg7 37. Rc1 Qb3 38. Rc5 Qb6 39. Kd2 f5
40. b4 Kf6 41. Kc3 g5 42. b5 Qa5+ 43. Kc4 Qa2+ 44. Kd4 Qa4+ 45. Kc3 g4 46. Nb4
g3 47. Nd5+ Kg5 48. Ne3 Qa3+ 49. Kd4 Qb4+ 0-1

[Event "Olimpiada Dresden 2008 Femenina"]
[Site "Dresden GER"]
[Date "2008.11.16"]
[Round "4.16"]
[White "Rohonyan, Katerina"]
[Black "Bulmaga, Irina"]
[Result "1/2-1/2"]
[WhiteElo "2334"]
[BlackElo "2287"]
[PlyCount "95"]
[EventDate "2008.11.13"]
[EventType "team-tourn"]
[EventRounds "11"]
[EventCountry "GER"]
[Source "lmi"]
[SourceDate "2008.11.13"]
[WhiteTeam "Estados Unidos"]
[BlackTeam "Moldavia"]
[WhiteTeamCountry "USA"]
[BlackTeamCountry "MDA"]

1. Nf3 Nf6 2. c4 e6 3. Nc3 Bb4 4. Qc2 c5 5. a3 Ba5 6. g4 d6 7. g5 Nfd7 8. Ne4
Bc7 9. b4 Nc6 10. Bb2 e5 11. h4 cxb4 12. d4 bxa3 13. Bxa3 O-O 14. d5 Nd4 15.
Nxd4 Ba5+ 16. Kd1 exd4 17. Nxd6 Bc3 18. Ra2 Ne5 19. e3 Bg4+ 20. Kc1 Bf3 21. Rh3
Qd7 22. exd4 Bxd4 23. Rxf3 Nxf3 24. Qf5 Ne5 25. Qe4 Qg4 26. Qxg4 Nxg4 27. Nf5
Bb6 28. c5 Bd8 29. Re2 f6 30. Bh3 Ne5 31. Kb1 Nc4 32. Bc1 Ba5 33. Rc2 Ne5 34.
Nd6 fxg5 35. Be6+ Kh8 36. hxg5 Bc7 37. Be3 Bxd6 38. cxd6 Nf7 39. d7 b6 40. Bf4
Rad8 41. Rc8 Kg8 42. g6 hxg6 43. Bc7 Rxc8 44. dxc8=Q Rxc8 45. Bxc8 Kf8 46. d6
Ke8 47. f4 g5 48. Be6 1/2-1/2

[Event "Olimpiada Dresden 2008 Femenina"]
[Site "Dresden GER"]
[Date "2008.11.16"]
[Round "4.17"]
[White "Khoudgarian, Natalia"]
[Black "Houska, Jovanka"]
[Result "1/2-1/2"]
[WhiteElo "2149"]
[BlackElo "2399"]
[PlyCount "57"]
[EventDate "2008.11.13"]
[EventType "team-tourn"]
[EventRounds "11"]
[EventCountry "GER"]
[Source "lmi"]
[SourceDate "2008.11.13"]
[WhiteTeam "Canadá"]
[BlackTeam "Inglaterra"]
[WhiteTeamCountry "CAN"]
[BlackTeamCountry "ENG"]

1. d4 d6 2. Nf3 Bg4 3. e4 Nf6 4. Nc3 e6 5. h3 Bh5 6. Qe2 c6 7. g4 Bg6 8. h4 h5
9. g5 Nfd7 10. Bf4 Na6 11. Bg2 Be7 12. O-O O-O 13. a3 Nc7 14. Bg3 Re8 15. Rad1
a6 16. Ne1 d5 17. Nd3 dxe4 18. Nxe4 Bf8 19. Ne5 Bxe4 20. Bxe4 g6 21. Nxg6 fxg6
22. Bxg6 Re7 23. Qxh5 Rg7 24. Rd3 Ne8 25. Re1 Rxg6 26. Qxg6+ Bg7 27. Qxe6+ Kh8
28. Rde3 Nc7 29. Qf7 1/2-1/2

[Event "Olimpiada Dresden 2008 Femenina"]
[Site "Dresden GER"]
[Date "2008.11.16"]
[Round "4.17"]
[White "Grigoryan-Lyell, Meri"]
[Black "Barron, Irina"]
[Result "0-1"]
[WhiteElo "2076"]
[BlackElo "2071"]
[PlyCount "119"]
[EventDate "2008.11.13"]
[EventType "team-tourn"]
[EventRounds "11"]
[EventCountry "GER"]
[Source "lmi"]
[SourceDate "2008.11.13"]
[WhiteTeam "Inglaterra"]
[BlackTeam "Canadá"]
[WhiteTeamCountry "ENG"]
[BlackTeamCountry "CAN"]

1. e4 e5 2. Nf3 Nc6 3. d4 exd4 4. Nxd4 Bb4+ 5. c3 Bc5 6. Nxc6 bxc6 7. Bd3 Ne7
8. O-O O-O 9. Bg5 f6 10. Bh4 d5 11. Nd2 Be6 12. e5 f5 13. Nb3 Bb6 14. Nd4 Bxd4
15. cxd4 Qd7 16. f4 Rab8 17. Qc2 Rb6 18. Be1 h6 19. Ba5 Rbb8 20. Bd2 Kh8 21.
Rf3 Rb6 22. Be2 Rfb8 23. Rb1 Bf7 24. Ba5 Bh5 25. Ra3 Bxe2 26. Bxb6 axb6 27.
Qxe2 c5 28. dxc5 bxc5 29. Rc1 c4 30. b3 Qb5 31. Kh1 Qc5 32. Ra4 Qd4 33. Rd1 Qe4
34. Qxe4 fxe4 35. bxc4 d4 36. c5 Nc6 37. Kg1 Rd8 38. Kf2 Rd5 39. e6 Kg8 40.
Ra8+ Kh7 41. Ra6 Rxc5 42. e7 Rc2+ 43. Kf1 Nxe7 44. Rxd4 e3 45. g4 Ng6 46. Re6
Rf2+ 47. Ke1 Rxa2 48. Rxe3 Rxh2 49. Re2 Rh1+ 50. Kf2 Nh4 51. Kg3 h5 52. Re5 Ng6
53. Rxh5+ Rxh5 54. gxh5 Ne7 55. Rd7 Nf5+ 56. Kg4 Nh6+ 57. Kg5 c5 58. Rc7 c4 59.
f5 Kg8 60. Kg6 0-1

[Event "Olimpiada Dresden 2008 Femenina"]
[Site "Dresden GER"]
[Date "2008.11.16"]
[Round "4.18"]
[White "Tsiganova, Monika"]
[Black "Fierro Baquero, Martha L"]
[Result "0-1"]
[WhiteElo "2208"]
[BlackElo "2361"]
[PlyCount "74"]
[EventDate "2008.11.13"]
[EventType "team-tourn"]
[EventRounds "11"]
[EventCountry "GER"]
[Source "lmi"]
[SourceDate "2008.11.13"]
[WhiteTeam "Estonia"]
[BlackTeam "Ecuador"]
[WhiteTeamCountry "EST"]
[BlackTeamCountry "ECU"]

1. c4 g6 2. Nc3 Bg7 3. g3 e5 4. Bg2 Nc6 5. Rb1 Nf6 6. b4 O-O 7. b5 Ne7 8. Nf3
d5 9. cxd5 Bf5 10. Rb3 Nfxd5 11. Nxd5 Nxd5 12. O-O Qd7 13. Bb2 Rfe8 14. d3 Bh3
15. Bxh3 Qxh3 16. Qc2 Qd7 17. Rc1 Rac8 18. Qc5 b6 19. Qc4 h6 20. e4 Nf4 21. d4
Nh3+ 22. Kg2 exd4 23. e5 Ng5 24. Nxg5 hxg5 25. f4 gxf4 26. gxf4 Qg4+ 27. Rg3
Qxf4 28. Rf1 Qe4+ 29. Kg1 Re6 30. Rgf3 Rf8 31. Ba3 c5 32. bxc6 Rxc6 33. Qb5 Rc3
34. Rxc3 dxc3 35. Bxf8 Bxf8 36. Qe8 Qd5 37. Rc1 Kg7 0-1

[Event "Olimpiada Dresden 2008 Femenina"]
[Site "Dresden GER"]
[Date "2008.11.16"]
[Round "4.18"]
[White "Vasquez Ramirez, Rocio"]
[Black "Gansvind, Valeriya I"]
[Result "1/2-1/2"]
[WhiteElo "2284"]
[BlackElo "2212"]
[PlyCount "73"]
[EventDate "2008.11.13"]
[EventType "team-tourn"]
[EventRounds "11"]
[EventCountry "GER"]
[Source "lmi"]
[SourceDate "2008.11.13"]
[WhiteTeam "Ecuador"]
[BlackTeam "Estonia"]
[WhiteTeamCountry "ECU"]
[BlackTeamCountry "EST"]

1. e4 c5 2. Nc3 e6 3. Nf3 a6 4. d4 cxd4 5. Nxd4 Qc7 6. Bd3 Bc5 7. Nb3 Be7 8. a4
Nc6 9. Be3 Na5 10. Bd4 Bf6 11. Bxf6 Nxf6 12. Qe2 Nxb3 13. cxb3 d6 14. b4 Qb6
15. b5 a5 16. O-O O-O 17. Kh1 e5 18. f4 exf4 19. Rxf4 Qd4 20. Raf1 Qe5 21. Qf2
Be6 22. Nd5 Bxd5 23. exd5 Nd7 24. Re1 Qg5 25. Rf5 Qd8 26. b3 Ne5 27. Qd4 g6 28.
Rf2 Rc8 29. Rfe2 b6 30. Re3 Rc5 31. Bc4 Qg5 32. Rg3 Qh6 33. Rh3 Qg5 34. Rg3 Qh6
35. Rh3 Qg5 36. Rg3 Qh6 37. Rh3 1/2-1/2

[Event "Olimpiada Dresden 2008 Femenina"]
[Site "Dresden GER"]
[Date "2008.11.16"]
[Round "4.18"]
[White "Bashkite, Viktoria"]
[Black "Moncayo Romero, Evelyn"]
[Result "1/2-1/2"]
[WhiteElo "2129"]
[BlackElo "2142"]
[PlyCount "142"]
[EventDate "2008.11.13"]
[EventType "team-tourn"]
[EventRounds "11"]
[EventCountry "GER"]
[Source "lmi"]
[SourceDate "2008.11.13"]
[WhiteTeam "Estonia"]
[BlackTeam "Ecuador"]
[WhiteTeamCountry "EST"]
[BlackTeamCountry "ECU"]

1. e4 c5 2. Nf3 d6 3. d4 cxd4 4. Qxd4 a6 5. Be3 Nc6 6. Qb6 Qxb6 7. Bxb6 Nf6 8.
Nc3 Bg4 9. Bc4 Rc8 10. Bb3 e6 11. Nd2 Nd7 12. Be3 Nc5 13. f3 Nxb3 14. axb3 Bh5
15. Nc4 Nb4 16. O-O-O Rd8 17. Bb6 Rd7 18. Rd2 Be7 19. Kb1 Bg6 20. Rhd1 O-O 21.
Ne5 Rdd8 22. Bxd8 Rxd8 23. Nxg6 hxg6 24. Na4 b5 25. Nc3 g5 26. Ne2 Nc6 27. Nd4
Ne5 28. h3 Rc8 29. c3 g6 30. Kc2 Nd7 31. Ra1 Nc5 32. Ne2 b4 33. Rd4 bxc3 34.
bxc3 Rc6 35. b4 Nb7 36. Kd3 Rb6 37. Rc4 Kg7 38. Nd4 Bf6 39. Rc7 d5 40. exd5
exd5 41. Nb3 Nd6 42. Rc1 Nc4 43. Rc5 Nb2+ 44. Kc2 Na4 45. Rc8 d4 46. Nxd4 Bxd4
47. cxd4 Rxb4 48. Kd3 Rb3+ 49. Ke4 Nb6 50. R8c3 Rb2 51. R1c2 Rb1 52. Rc5 Re1+
53. Kd3 Kh6 54. Ra5 Rd1+ 55. Kc3 Kh5 56. Rb2 Rc1+ 57. Kd2 Rc6 58. Rc5 Rd6 59.
Rb4 Nd5 60. Rb8 Kh4 61. Kd3 Kg3 62. Ke4 Nf6+ 63. Ke3 Nd5+ 64. Kd3 Kxg2 65. Rb7
f5 66. Rc2+ Kxf3 67. Rbb2 Nf4+ 68. Kc4 Rc6+ 69. Kb3 Rb6+ 70. Kc4 Rc6+ 71. Kb3
Rb6+ 1/2-1/2

[Event "Olimpiada Dresden 2008 Femenina"]
[Site "Dresden GER"]
[Date "2008.11.16"]
[Round "4.18"]
[White "Heredia Serrano, Carla"]
[Black "Piarnpuu, Leili"]
[Result "1/2-1/2"]
[WhiteElo "2105"]
[BlackElo "2145"]
[PlyCount "95"]
[EventDate "2008.11.13"]
[EventType "team-tourn"]
[EventRounds "11"]
[EventCountry "GER"]
[Source "lmi"]
[SourceDate "2008.11.13"]
[WhiteTeam "Ecuador"]
[BlackTeam "Estonia"]
[WhiteTeamCountry "ECU"]
[BlackTeamCountry "EST"]

1. d4 d5 2. c4 c6 3. Nf3 Nf6 4. e3 Bg4 5. h3 Bxf3 6. Qxf3 e6 7. Bd3 Bd6 8. O-O
O-O 9. Nd2 Nbd7 10. e4 dxe4 11. Nxe4 Nxe4 12. Bxe4 Nf6 13. Bc2 Qa5 14. Rd1 Rfd8
15. Bd2 Bb4 16. Be3 Be7 17. Qe2 Rd7 18. a3 Rad8 19. g4 h6 20. b4 Qc7 21. h4 Nh7
22. g5 g6 23. f4 h5 24. Be4 Bf8 25. Rd2 a5 26. c5 axb4 27. axb4 Bg7 28. Rad1
Nf8 29. b5 Qc8 30. Qc4 Rc7 31. Kf2 cxb5 32. Qxb5 e5 33. fxe5 Qg4 34. Bxb7 Ne6
35. Bg2 Rcd7 36. c6 Nxd4 37. Qc4 Qf5+ 38. Kg1 Qxe5 39. cxd7 Qxe3+ 40. Kh1 Nf5
41. Rd3 Qb6 42. Rf1 Be5 43. Qd5 Bc7 44. Be4 Qb2 45. Rd2 Qb4 46. Rd3 Qb2 47. Bg2
Qb4 48. Be4 1/2-1/2

[Event "Olimpiada Dresden 2008 Femenina"]
[Site "Dresden GER"]
[Date "2008.11.16"]
[Round "4.19"]
[White "Fuchs, Judith"]
[Black "Mamedjarova, Zeinab"]
[Result "0-1"]
[WhiteElo "2238"]
[BlackElo "2351"]
[PlyCount "124"]
[EventDate "2008.11.13"]
[EventType "team-tourn"]
[EventRounds "11"]
[EventCountry "GER"]
[Source "lmi"]
[SourceDate "2008.11.13"]
[WhiteTeam "Alemania"]
[BlackTeam "Azerbaiyán"]
[WhiteTeamCountry "GER"]
[BlackTeamCountry "AZE"]

1. e4 e5 2. Bc4 Nc6 3. Nf3 Bc5 4. c3 Nf6 5. d3 d6 6. O-O O-O 7. Bb3 a6 8. Nbd2
Ba7 9. Nc4 h6 10. Ne3 Ne7 11. Nh4 Be6 12. Qf3 Kh8 13. Nef5 Nxf5 14. Nxf5 Ng8
15. Be3 Qf6 16. Bxa7 Rxa7 17. Qe3 Raa8 18. f4 Bxb3 19. axb3 Rae8 20. Rf3 d5 21.
Ng3 dxe4 22. Nxe4 exf4 23. Nxf6 Rxe3 24. Rxe3 fxe3 25. Nxg8 Kxg8 26. Re1 Re8
27. g3 a5 28. Kg2 Re5 29. Kf3 Rb5 30. Kxe3 Rxb3 31. Re2 f6 32. d4 Kf7 33. d5
Ke7 34. Kd4+ Kd7 35. g4 Rb6 36. Kc5 Ra6 37. Kc4 Ra8 38. Kd4 Re8 39. Rg2 Re5 40.
h3 Kd6 41. c4 b6 42. b3 Re1 43. Rg3 Rd1+ 44. Kc3 b5 45. Re3 b4+ 46. Kc2 Rh1 47.
Re6+ Kd7 48. Re3 Rh2+ 49. Kd3 c5 50. dxc6+ Kxc6 51. Kd4 Rd2+ 52. Ke4 a4 53.
bxa4 Kc5 54. Kf5 Kxc4 55. Re7 g5 56. Rc7+ Kb3 57. Rc6 Kxa4 58. Kg6 Rd3 59. Kxh6
Rxh3+ 60. Kg6 Rf3 61. Ra6+ Kb3 62. Rb6 Kc3 0-1

[Event "Olimpiada Dresden 2008 Femenina"]
[Site "Dresden GER"]
[Date "2008.11.16"]
[Round "4.19"]
[White "Mader, Manuela"]
[Black "Umudova, Nargiz"]
[Result "1-0"]
[WhiteElo "2132"]
[BlackElo "2219"]
[PlyCount "99"]
[EventDate "2008.11.13"]
[EventType "team-tourn"]
[EventRounds "11"]
[EventCountry "GER"]
[Source "lmi"]
[SourceDate "2008.11.13"]
[WhiteTeam "Alemania"]
[BlackTeam "Azerbaiyán"]
[WhiteTeamCountry "GER"]
[BlackTeamCountry "AZE"]

1. d4 Nf6 2. c4 g6 3. Nc3 Bg7 4. e4 d6 5. Nf3 O-O 6. Be2 e5 7. dxe5 dxe5 8.
Qxd8 Rxd8 9. Bg5 Re8 10. Nd5 Nxd5 11. cxd5 c6 12. Bc4 b5 13. Bb3 Bb7 14. Rc1
Rc8 15. Be3 h6 16. O-O Nd7 17. dxc6 Bxc6 18. Rxc6 Rxc6 19. Bd5 Rac8 20. Bxc6
Rxc6 21. Rd1 Nb6 22. Bxb6 axb6 23. Kf1 f5 24. Rd5 b4 25. Rb5 fxe4 26. Ne1 Bf8
27. Rxe5 Rc1 28. Rxe4 Bc5 29. g3 Ra1 30. Kg2 Rxa2 31. Nd3 b3 32. Rc4 Ra5 33.
Kf3 Kf7 34. Ke4 Ke6 35. f4 Kd6 36. Nc1 Rb5 37. g4 Bg1 38. h3 Bf2 39. Nd3 Bh4
40. Ne5 g5 41. Rc6+ Ke7 42. f5 Bg3 43. f6+ Kd8 44. Rd6+ Kc8 45. Rd5 Rb4+ 46.
Rd4 Rxd4+ 47. Kxd4 Kd8 48. Kd5 Be1 49. Ke6 Bb4 50. Nc6+ 1-0

[Event "Olimpiada Dresden 2008 Femenina"]
[Site "Dresden GER"]
[Date "2008.11.16"]
[Round "4.19"]
[White "Kazimova, Narmin Nizami qizi"]
[Black "Klek, Hanna-Marie"]
[Result "1-0"]
[WhiteElo "2171"]
[BlackElo "2004"]
[PlyCount "88"]
[EventDate "2008.11.13"]
[EventType "team-tourn"]
[EventRounds "11"]
[EventCountry "GER"]
[Source "lmi"]
[SourceDate "2008.11.13"]
[WhiteTeam "Azerbaiyán"]
[BlackTeam "Alemania"]
[WhiteTeamCountry "AZE"]
[BlackTeamCountry "GER"]

1. d4 d5 2. c4 c6 3. Nf3 Nf6 4. cxd5 cxd5 5. Bf4 Nc6 6. Nc3 a6 7. e3 Bf5 8. Be2
e6 9. O-O Nd7 10. Rc1 Be7 11. Ne1 O-O 12. Nd3 Rc8 13. Na4 Bxd3 14. Bxd3 f5 15.
Bg3 b5 16. Nc3 Nb6 17. f4 Nc4 18. Qe2 Rf7 19. Bf2 Qd7 20. Kh1 g6 21. g4 fxg4
22. Rg1 Bb4 23. Rxg4 Ne7 24. Nb1 e5 25. dxe5 Nxe5 26. Rxc8+ Qxc8 27. Rg1 Nxd3
28. Qxd3 Qc6 29. Rd1 d4+ 30. Kg1 dxe3 31. Qxe3 Nf5 32. Qd3 Bd6 33. Nc3 Bxf4 34.
Ne4 Re7 35. Qb3+ Kg7 36. Qc3+ Qxc3 37. Nxc3 Be5 38. Rd3 Rc7 39. Be1 b4 40. Nd1
Rc2 41. h3 Bxb2 42. Bxb4 Bd4+ 43. Rxd4 Nxd4 44. Bc3 Rc1 1-0

[Event "Olimpiada Dresden 2008 Femenina"]
[Site "Dresden GER"]
[Date "2008.11.16"]
[Round "4.20"]
[White "Djingarova, Emilia"]
[Black "Drljevic, Ljilja"]
[Result "1-0"]
[WhiteElo "2352"]
[BlackElo "2259"]
[PlyCount "131"]
[EventDate "2008.11.13"]
[EventType "team-tourn"]
[EventRounds "11"]
[EventCountry "GER"]
[Source "lmi"]
[SourceDate "2008.11.13"]
[WhiteTeam "Bulgaria"]
[BlackTeam "MNE"]
[WhiteTeamCountry "BUL"]

1. d4 d6 2. Nf3 g6 3. c4 Bg7 4. g3 Nf6 5. Bg2 O-O 6. O-O Nbd7 7. Qc2 e5 8. Rd1
Qe7 9. Nc3 c6 10. e4 exd4 11. Nxd4 Nb6 12. b3 c5 13. Nde2 Bg4 14. Bf4 Rad8 15.
f3 Be6 16. Bg5 h6 17. Be3 Rfe8 18. Bf2 Bd7 19. Rac1 Bc6 20. g4 h5 21. g5 Nfd7
22. f4 Nf8 23. Rd3 Ne6 24. h4 Nf8 25. Rcd1 Nc8 26. Qd2 b6 27. Nd5 Qb7 28. Nec3
Nd7 29. a4 a6 30. Rg3 Na7 31. f5 Be5 32. Nf6+ Nxf6 33. gxf6 Bxf6 34. fxg6 Bg7
35. Qg5 fxg6 36. Qxg6 Qf7 37. Rxd6 Rxd6 38. Qxd6 Re6 39. Qd8+ Be8 40. e5 Qe7
41. Qxe7 Rxe7 42. Nd5 Rxe5 43. Nxb6 Kh7 44. Nd5 Nc6 45. Bxc5 a5 46. Bf2 Re2 47.
Bf1 Rb2 48. Nc7 Bd7 49. Bd3+ Kh8 50. Rg5 Rxb3 51. Rxh5+ Kg8 52. Be4 Nd4 53. Rd5
Ne2+ 54. Kf1 Nc3 55. Bh7+ Kxh7 56. Rxd7 Kh8 57. Ne6 Be5 58. Ng5 Bf6 59. Rf7
Bxg5 60. hxg5 Kg8 61. g6 Nxa4 62. Bd4 Rg3 63. Rf6 Nc3 64. Ra6 Kf8 65. g7+ Kf7
66. Ra7+ 1-0

[Event "Olimpiada Dresden 2008 Femenina"]
[Site "Dresden GER"]
[Date "2008.11.16"]
[Round "4.20"]
[White "Stojanovic, Marija R"]
[Black "Voiska, Margarita"]
[Result "1/2-1/2"]
[WhiteElo "2199"]
[BlackElo "2318"]
[PlyCount "136"]
[EventDate "2008.11.13"]
[EventType "team-tourn"]
[EventRounds "11"]
[EventCountry "GER"]
[Source "lmi"]
[SourceDate "2008.11.13"]
[WhiteTeam "MNE"]
[BlackTeam "Bulgaria"]
[BlackTeamCountry "BUL"]

1. e4 e5 2. Nf3 Nc6 3. Bb5 a6 4. Ba4 Nf6 5. O-O Be7 6. d3 d6 7. c3 O-O 8. Re1
b5 9. Bb3 Na5 10. Bc2 c5 11. Nbd2 Re8 12. Nf1 h6 13. h3 Bb7 14. Ng3 Bf8 15. d4
cxd4 16. cxd4 exd4 17. Nxd4 Rc8 18. Bf4 Nc4 19. Rb1 Ne5 20. Rc1 Ng6 21. Qf3 Rc4
22. Rcd1 Qa5 23. Re2 Nxf4 24. Qxf4 Qb4 25. Red2 Qc5 26. Nb3 Qc7 27. Bd3 d5 28.
Qxc7 Rxc7 29. exd5 Bxd5 30. Nd4 g6 31. a3 h5 32. Rc2 Rd7 33. Be2 h4 34. Nf1 Ba8
35. Ne3 Bh6 36. Nf3 Rxd1+ 37. Nxd1 Be4 38. Rc5 Bf4 39. Kf1 Bd6 40. Rc1 Bf4 41.
Rc5 Nd7 42. Rc3 g5 43. Ne3 Nb6 44. Nd2 Ba8 45. Bf3 Na4 46. Rc2 Bxe3 47. fxe3
Bxf3 48. Nxf3 Rxe3 49. Nxg5 Rb3 50. Rc6 a5 51. Ra6 Nxb2 52. Rxa5 Nc4 53. Ra7
Kg7 54. Nxf7 Kf6 55. Nd8 Nxa3 56. Ke2 Nc4 57. Nc6 Rb2+ 58. Kf3 Ke6 59. Nd4+ Ke5
60. Nxb5 Rxb5 61. Rh7 Rb4 62. g4 Rb3+ 63. Kg2 Rb2+ 64. Kf3 Rb3+ 65. Kg2 Kf4 66.
Rf7+ Ke4 67. g5 Ne5 68. Rh7 Rg3+ 1/2-1/2

[Event "Olimpiada Dresden 2008 Femenina"]
[Site "Dresden GER"]
[Date "2008.11.16"]
[Round "4.20"]
[White "Velcheva, Maria"]
[Black "Mijovic, Aleksandra"]
[Result "1-0"]
[WhiteElo "2280"]
[BlackElo "2176"]
[PlyCount "95"]
[EventDate "2008.11.13"]
[EventType "team-tourn"]
[EventRounds "11"]
[EventCountry "GER"]
[Source "lmi"]
[SourceDate "2008.11.13"]
[WhiteTeam "Bulgaria"]
[BlackTeam "MNE"]
[WhiteTeamCountry "BUL"]

1. e4 c5 2. Nf3 e6 3. d4 cxd4 4. Nxd4 Nf6 5. Nc3 d6 6. g4 Be7 7. g5 Nfd7 8. h4
Nc6 9. Be3 O-O 10. Qd2 a6 11. O-O-O Nxd4 12. Bxd4 b5 13. f4 b4 14. Ne2 Qa5 15.
Kb1 e5 16. Be3 Nc5 17. Bg2 Be6 18. b3 exf4 19. Nxf4 Rac8 20. Nd5 Bxd5 21. Qxd5
Qc7 22. Rd2 Rfe8 23. Rf1 Bf8 24. Bd4 Re7 25. Rdf2 Qb7 26. e5 Qxd5 27. Bxd5 dxe5
28. Bxc5 Rxc5 29. Bxf7+ Rxf7 30. Rxf7 Rc8 31. Rd7 Re8 32. Kc1 e4 33. Kd2 Bc5
34. Rff7 e3+ 35. Ke2 Bf8 36. Rf3 Bc5 37. Rff7 Bf8 38. Rf5 g6 39. Rf3 Bc5 40.
Rff7 Re4 41. Rg7+ Kf8 42. Rxh7 Kg8 43. Rdg7+ Kf8 44. Rc7 Kg8 45. Rhg7+ Kf8 46.
Rxg6 Bd4 47. Rxa6 Re8 48. Rc4 1-0

[Event "Olimpiada Dresden 2008 Femenina"]
[Site "Dresden GER"]
[Date "2008.11.16"]
[Round "4.21"]
[White "Ortiz, Nadya Karolina"]
[Black "Muminova, Nafisa"]
[Result "1-0"]
[WhiteElo "2230"]
[BlackElo "2240"]
[PlyCount "113"]
[EventDate "2008.11.13"]
[EventType "team-tourn"]
[EventRounds "11"]
[EventCountry "GER"]
[Source "lmi"]
[SourceDate "2008.11.13"]
[WhiteTeam "Colombia"]
[BlackTeam "Uzbekistán"]
[WhiteTeamCountry "COL"]
[BlackTeamCountry "UZB"]

1. e4 e6 2. Nf3 d5 3. Nc3 Nf6 4. e5 Nfd7 5. d4 c5 6. dxc5 Nc6 7. Bf4 Be7 8. h4
Nxc5 9. a3 a6 10. h5 b5 11. Nd4 Nxd4 12. Qxd4 Nd7 13. Bg3 h6 14. Bd3 O-O 15.
O-O Bb7 16. Kh1 Rc8 17. Qg4 Nb6 18. Ne2 Nc4 19. b3 Nb2 20. Bf4 Kh8 21. Be3 Bc5
22. Bd4 Nxd3 23. cxd3 Bxd4 24. Nxd4 Rc3 25. Rfd1 Qc7 26. Qf4 Bc8 27. Qe3 Qe7
28. g3 b4 29. Rdc1 Rxc1+ 30. Qxc1 Bb7 31. axb4 Qxb4 32. Ra4 Qe7 33. Qa3 Qxa3
34. Rxa3 Rc8 35. b4 Rc1+ 36. Kg2 Kh7 37. b5 axb5 38. Ra7 Bc8 39. Nxb5 Rc5 40.
Nd6 d4 41. Nxf7 Rc6 42. Nd6 Ba6 43. Ne8 Kh8 44. Nxg7 Bxd3 45. Ne8 Be4+ 46. f3
Bb1 47. Nf6 Rc2+ 48. Kh3 Rf2 49. f4 Bd3 50. g4 Rxf4 51. Rd7 Rf3+ 52. Kg2 Re3
53. g5 Re2+ 54. Kg3 Re3+ 55. Kf4 hxg5+ 56. Kxg5 Rf3 57. Kh6 1-0

[Event "Olimpiada Dresden 2008 Femenina"]
[Site "Dresden GER"]
[Date "2008.11.16"]
[Round "4.21"]
[White "Sabirova, O."]
[Black "Mateus, Martha"]
[Result "1-0"]
[WhiteElo "2185"]
[BlackElo "2138"]
[PlyCount "137"]
[EventDate "2008.11.13"]
[EventType "team-tourn"]
[EventRounds "11"]
[EventCountry "GER"]
[Source "lmi"]
[SourceDate "2008.11.13"]
[WhiteTeam "Uzbekistán"]
[BlackTeam "Colombia"]
[WhiteTeamCountry "UZB"]
[BlackTeamCountry "COL"]

1. e4 c5 2. Nc3 e6 3. g3 d5 4. d3 h6 5. Bg2 Nf6 6. Nge2 dxe4 7. Nxe4 Nxe4 8.
Bxe4 Nd7 9. O-O Nf6 10. Bg2 Bd6 11. b3 O-O 12. Bb2 Rb8 13. d4 b6 14. dxc5 Bxc5
15. Be5 Ba6 16. Bxb8 Qxb8 17. c4 b5 18. Rc1 Qb6 19. Nc3 Ba3 20. Rb1 Rd8 21. Qf3
bxc4 22. bxc4 Qa5 23. Nb5 Bc5 24. Rb2 h5 25. h3 Rc8 26. Rd1 Qb6 27. g4 hxg4 28.
hxg4 Qb8 29. a4 Qe5 30. Rbd2 Bf8 31. Rd4 Qc5 32. Bf1 Qg5 33. Be2 e5 34. Rd8
Rxd8 35. Rxd8 e4 36. Qa3 Nh7 37. Qd6 e3 38. Qd5 exf2+ 39. Kxf2 Qh4+ 40. Kf1
Qf6+ 41. Ke1 Bxb5 42. axb5 Qa1+ 43. Kf2 Qf6+ 44. Kg2 Qb2 45. Qd2 Qe5 46. Bf3 g6
47. Qd4 Qg5 48. c5 Qh4 49. Qd6 Kg7 50. Qe5+ f6 51. Rd7+ Kh6 52. Qf4+ Ng5 53.
Rd5 Qh3+ 54. Kf2 Kg7 55. Qg3 Qh6 56. Kg2 Ne6 57. Rd7+ Kh8 58. Qh2 Qxh2+ 59.
Kxh2 Bxc5 60. Be4 g5 61. Kg3 Nf4 62. Kf3 Kg8 63. Bd5+ Kh8 64. Ke4 Bb6 65. Kf5
Nxd5 66. Rxd5 Kg7 67. Rd7+ Kh6 68. Kxf6 Be3 69. Rd3 1-0